Kaskády prednášky zo školenia

Bibliographic Details
Main Authors: Smola, Alfonz, 1951- (Author), Gašparovský, Dionýz, 1971- (Author)
Format: Software eBook
Language:Slovak
PhysicalDescription:1 elektronický optický disk (CD-ROM) 12 cm
Published: Bratislava Typhoon 2005
Edition:[1. vyd.]
Subjects:

MARC

LEADER 00000nam a2200000 a 4500
001 vtls008633423
003 SK-MaSNL
005 20260301140925.0
007 co cgu
008 240315s2005 xo gsa 100 0 slo
015 |a SNBS2006 
040 |a SNK  |b slo  |c SNK  |e AACR2 
041 0 |a slo 
043 |a e-xo---  |a e------ 
044 |a xo  |c SK 
072 7 |a 628  |x Zdravotná technika. Úprava vody. Odpadové hospodárstvo. Svetelná technika  |2 konspekt 
080 |a 628.9  |2 2001 
080 |a 628.971  |2 2001 
080 |a 628.977  |2 2001 
080 |a 006.7/.8  |2 2001 
080 |a (437.6)  |2 2001 
080 |a (4)  |2 2001 
080 |a (0.034.44)  |2 2001 
080 |a (042.3)  |2 2001 
100 1 |a Smola, Alfonz,  |d 1951-  |4 aut  |9 219532 
245 1 0 |a Kaskády  |h elektronický zdroj  |b prednášky zo školenia  |c autori: Alfonz Smola, Dionýz Gašparovský 
250 |a [1. vyd.] 
260 |a Bratislava  |b Typhoon  |c 2005 
300 |a 1 elektronický optický disk (CD-ROM)  |c 12 cm 
500 |a Len na študijné účely účastníkov školenia v rámci kontraktačno-predajných dní M.D.S. Light Systems v stredisku Kaskády, 3.-4.6.2005 
650 0 7 |a osvetlenie  |2 SNKPH  |9 14724 
650 0 7 |a verejné osvetlenie  |2 SNKPH  |9 71061 
650 0 7 |a osvetlenie pracoviska  |2 SNKPH  |9 79593 
650 0 7 |a technické normy  |z Slovensko  |2 SNKPH  |9 432509 
650 0 7 |a technické normy  |z krajiny Európskej únie  |2 SNKPH  |9 494226 
655 7 |a prednášky  |2 SNKPH  |9 70554 
655 7 |a CD-ROM  |2 SNKPH  |9 70236 
700 1 |a Gašparovský, Dionýz,  |d 1971-  |4 aut  |9 203025 
999 |c 765464  |d 767394 
952 |a SNK  |b SNK  |y PREZ  |7 0  |p 17A0503110  |o snkSCDM 879  |i snk2006/6106  |8 0  |0 0  |1 0  |4 0  |d 2006-03-22  |l 0  |r 2026-02-24 00:17:42  |w 2026-02-24